000 01524cam a22004091 4500
001 2113
003 FISKH
005 20240131111801.0
008 740608s1967 nyua c 000 0 eng
010 _a 67018988
020 _a9780689711817
020 _a9780545041737
040 _aDLC
_cDLC
_dDLC
_beng
043 _an-us-ny
050 0 0 _aPZ7.K8352
_bFr
082 _a813.54
100 1 _aKonigsburg, E. L.
245 1 0 _aFrom the mixed-up files of Mrs. Basil E. Frankweiler /
_cwritten and illustrated by E. L. Konigsburg.
250 _aFirst Scholastic printing, September 2007
260 _aNew York :
_bScholastic,
_c1967
300 _a162 pages :
_billustrations ;
_c20 cm
505 _aR
520 _aHaving run away with her younger brother to live in the Metropolitan Museum of Art, twelve-year-old Claudia strives to keep things in order in their new home and to become a changed person and a heroine to herself.
521 8 _a700
_bLexile
521 8 _aR
_bRaz-Plus
586 _aNewbery Award, 1968
610 2 0 _aMetropolitan Museum of Art (New York, N.Y.)
_vJuvenile fiction.
610 2 1 _aMetropolitan Museum of Art (New York, N.Y.)
_vFiction.
650 1 _aRunaways
_vFiction.
650 1 _aSelf-reliance
_vFiction.
650 1 _aSiblings
_vFiction.
650 1 _aMuseums
_vFiction.
651 1 _aNew York (N.Y.)
_xHistory
_y20th century
_vFiction.
655 7 _aJuvenile literature
_y1967.
_2rbgenr
906 _a7
_bcbc
_corignew
_du
_eocip
_f19
_gy-gencatlg
942 _2ddc
_cBK
_n0
999 _c2113
_d2113